Handbook on housing and property restitution for refugees and displaced persons (Record no. 110214)
[ view plain ]
| 000 -LEADER | |
|---|---|
| fixed length control field | 01233cam a22002295a 4500 |
| 001 - CONTROL NUMBER | |
| control field | E148764 |
| 008 - FIXED-LENGTH DATA ELEMENTS--GENERAL INFORMATION | |
| fixed length control field | 091106s2007 sz f 000 0 eng d |
| 035 ## - SYSTEM CONTROL NUMBER | |
| System control number | (Sirsi) u148764 |
| 041 0# - LANGUAGE CODE | |
| Language code of text/sound track or separate title | eng |
| 050 04 - LIBRARY OF CONGRESS CALL NUMBER | |
| Classification number | 658.477 $2 18 |
| 245 00 - TITLE STATEMENT | |
| Title | Handbook on housing and property restitution for refugees and displaced persons |
| Remainder of title | implementing the 'Pinheiro Principles' |
| 260 ## - PUBLICATION, DISTRIBUTION, ETC. | |
| Place of publication, distribution, etc. | [Geneva] |
| Name of publisher, distributor, etc. | [United Nations] |
| Date of publication, distribution, etc. | 2007 |
| 300 ## - PHYSICAL DESCRIPTION | |
| Extent | 112p. |
| Dimensions | 25cm. |
| 505 2# - FORMATTED CONTENTS NOTE | |
| Formatted contents note | Scope and application -- The right to housing and property restitution -- Overarching principles -- The right to voluntary return in safety and dignity -- Legal, policy, procedural and institutional implementation mechanisms -- The role of the international community, including international organisations -- Interpretation |
| 520 ## - SUMMARY, ETC. | |
| Summary, etc. | Provides guidance to those working on housing and property restitution issues relating to internally displaced persons and refugees. |
| 521 ## - TARGET AUDIENCE NOTE | |
| Target audience note | Advanced |
| 590 ## - LOCAL NOTE (RLIN) | |
| Local note | KA |
| 651 #4 - SUBJECT ADDED ENTRY--GEOGRAPHIC NAME | |
| Geographic name | International |
| 690 ## - LOCAL SUBJECT ADDED ENTRY--TOPICAL TERM (OCLC, RLIN) | |
| Topical term or geographic name as entry element | PROPERTY |
| 856 ## - ELECTRONIC LOCATION AND ACCESS | |
| Uniform Resource Identifier | <a href="https://www.ohchr.org/en/publications/policy-and-methodological-publications/handbook-housing-and-property-restitution">https://www.ohchr.org/en/publications/policy-and-methodological-publications/handbook-housing-and-property-restitution</a> |
| Public note | Available on the UN website in English, French and Spanish |
| 942 ## - ADDED ENTRY ELEMENTS (KOHA) | |
| Suppress in OPAC | 0 |
| Source of classification or shelving scheme | Dewey Decimal Classification |
| Withdrawn status | Lost status | Source of classification or shelving scheme | Damaged status | Not for loan | Home library | Current library | Shelving location | Date acquired | Total Checkouts | Full call number | Barcode | Date last seen | Copy number | Price effective from | Koha item type |
|---|---|---|---|---|---|---|---|---|---|---|---|---|---|---|---|
| Dewey Decimal Classification | London | London | Books | 06/11/2009 | 658.477 HOU | 30076512 | 06/08/2019 | 1 | 06/08/2019 | Book |